LEADER 01279nam a2200289 u 4500 001 000000016658 003 CaOOAMICUS 005 20070226110022.0 008 940513s it u000 u ita u 035 $a10389663 040 $aPUL(R)$bita 100 1 $aBerlin, Isaiah,$d1909-1997.$0(OLS)http://pul/name/6750 240 10$aRussian Thinkers.$lItaliano.$0(OLS)http://pul/title/23776 245 13$aIl riccio e la volpe :$be altri saggi /$cIsaiah Berlin ; a cura di Henry Hardy e Aileen Kelly ; introduzione di Aileen Kelly. 260 $aMilano :$bAdelphi,$c1986. 300 $a492 p. ;$c22 cm 490 1 $aSaggi ;$v35 500 $aContiene indici. 650 4$aLetteratura russa$ySec. XIX$xStoria e critica.$0(OLS)http://pul/subject/11843 650 4$aRussia$xCultura$ySec. XIX.$0(OLS)http://pul/subject/11844 700 1 $aKelly, Aileen.$0(OLS)http://pul/name/15123 700 1 $aHardy, Henry.$0(OLS)http://pul/name/15122 850 $aPUL 852 $aPUL$W1$xDP1 Altre Collocazioni$y17$mSenza collocazione$j12$nBK-PRI$b $qStampati$B23447$CPULBib$Z2$F23447 $H $81 941 1 $a8 996 $6245$aIl riccio e la volpe :$be altri saggi$9(OLS)http://pul/title/23777 996 $6260$aMilano :$bAdelphi$9(OLS)http://pul/publisher/51018 LEADER 01824nam a2200301 u 4500 001 000000026903 003 CaOOAMICUS 005 20070226111629.0 008 950714s1883 gw u000 u lat u 035 $a10696462 040 $aN.Y. Pub. Libr.$bita$cOCU$dOCU$dCU$dCStRLIN$dNNU$dPUL(R) 100 0 $aAvitus, Alcimus Ecdicius,$cs., vesc. di Vienne,$dc. 450-518.$0(OLS)http://pul/name/22074 240 10$aOpere$9(Avitus, Alcimus Ecdicius, s., vesc. di Vienne, c. 450-518).$0(OLS)http://pul/title/36883 245 10$aAlcimi Ecdicii Aviti viennensis episcopi opera quae supersunt /$crecensvit Rudolfus Peiper. 260 $aBerolini :$bapud Weidmannos,$c1883. 300 $alxxvi p., 376 p. ;$c29 cm 490 1 $aMonumenta Germaniae historica.$aAuctores antiquissimi ;$v6.2 500 $aIncludes indexes. 504 $aBibliographical foot-notes. 505 0 $aAppendix (p. [159]-196): I. Conlatio episcoporum coram rege Gundobaldo adversus Arrianos. - II. Acta Concilii epaonensis. - III. Acta Concilii lugdunensis. - IV. Vita beati Aviti episcopi viennensis. - V. Veterum scriptorum de Avito testimonia. - VI. Titulorum gallicanorum maximam partem lugdunensium et viennensium liber. 650 0$aTheology$xCollected works$yEarly church, ca. 30-600.$2//eng$0(OLS)http://pul/subject/4023 700 1 $aPeiper, Rudolf,$d1834-1898.$0(OLS)http://pul/name/7718 830 0$aMonumenta Germaniae historica.$pAuctores antiquissimi ;$v6.2.$0(OLS)http://pul/title/1405 850 $aPUL 852 $aPUL$W1$xSL Cons. Gen., Altre Classi 1$y1$m2017 A 1.6/2$j119300$nBK-PRI$av. 2$qStampati$B37524$CPULBib$Z2$F37524 $82 941 1 $a8 996 $6245$aAlcimi Ecdicii Aviti viennensis episcopi opera quae supersunt$9(OLS)http://pul/title/36884 996 $6260$aBerolini :$bapud Weidmannos$9(OLS)http://pul/publisher/48438 LEADER 01328nam a2200289 u 4500 001 000000079966 003 CaOOAMICUS 005 20070226123609.0 008 040618s2001 inu u000 u eng u 020 $a0268022615 035 $a11000877 040 $aPUL$bita 100 1 $aMcInerny, Ralph $b1929-2010.$0(OLS)http://pul/name/38372 245 10$aCharacters in search of their author /$cRalph McInerny. 260 $aNotre Dame :$bUniversity of Notre Dame Press,$cc2001. 300 $axii, 138 p. ;$c23 cm 490 1 $aThe Gifford Lectures at Glasgow ;$v1999-2000 504 $aBibliografia in nota. 650 4$aTeologia naturale.$0(OLS)http://pul/subject/405 830 4$aThe Gifford Lectures at Glasgow ;$v1999-2000.$0(OLS)http://pul/title/104757 850 $aPUL 852 $aPUL$W1$xSL Religione 3$y85$m210 MINRA 1$j102208$nBK-PRI$qDDC 21$B102208$CPULBib$Z2$F102208 $H90904 $82 852 $aPUL$W1$xSL Religione 3$y85$m210 MCIRA 1$j102209$nBK-PRI$qDDC 21$B102209$CPULBib$Z2$F102209 $HPUL98815 $82 941 1 $a9 996 $6020$a0268022615$9(OLS)http://pul/number/105457 996 $6245$aCharacters in search of their author$9(OLS)http://pul/title/104756 996 $6260$aNotre Dame :$bUniversity of Notre Dame Press$9(OLS)http://pul/publisher/64527